You Say You Want A Revolution : Information Technology and Growth /

The information technology (IT) revolution has arrived, but how much will it change the world? It has been established that IT is contributing to labor productivity growth through both increases in the levels of IT capital per worker and total factor productivity (TFP) growth in the production of IT...

وصف كامل

التفاصيل البيبلوغرافية
المؤلف الرئيسي: Morsink, James
مؤلفون آخرون: Haacker, Markus
التنسيق: دورية
اللغة:English
منشور في: Washington, D.C. : International Monetary Fund, 2002.
سلاسل:IMF Working Papers; Working Paper ; No. 2002/070
الوصول للمادة أونلاين:Full text available on IMF
LEADER 02078cas a2200253 a 4500
001 AALejournalIMF008145
008 230101c9999 xx r poo 0 0eng d
020 |c 5.00 USD 
020 |z 9781451849165 
022 |a 1018-5941 
040 |a BD-DhAAL  |c BD-DhAAL 
100 1 |a Morsink, James. 
245 1 0 |a You Say You Want A Revolution :   |b Information Technology and Growth /  |c James Morsink, Markus Haacker. 
264 1 |a Washington, D.C. :  |b International Monetary Fund,  |c 2002. 
300 |a 1 online resource (19 pages) 
490 1 |a IMF Working Papers 
500 |a <strong>Off-Campus Access:</strong> No User ID or Password Required 
500 |a <strong>On-Campus Access:</strong> No User ID or Password Required 
506 |a Electronic access restricted to authorized BRAC University faculty, staff and students 
520 3 |a The information technology (IT) revolution has arrived, but how much will it change the world? It has been established that IT is contributing to labor productivity growth through both increases in the levels of IT capital per worker and total factor productivity (TFP) growth in the production of IT equipment. The main outstanding issue is whether IT is contributing to TFP growth more generally. Using data on IT expenditure and production for a broad sample of countries, we find a positive, large, and significant effect of IT expenditure on the acceleration in TFP in the late 1990s and a smaller-and significant-effect of IT production. We also find evidence that the impact of IT expenditure on TFP growth increases over time, suggesting that spillovers materialize gradually. Our results suggest that the increase in IT expenditure across industrial countries during 1995-2000 will eventually lead to an average increase in TFP growth of about one-third of 1 percent per year. 
538 |a Mode of access: Internet 
700 1 |a Haacker, Markus. 
830 0 |a IMF Working Papers; Working Paper ;  |v No. 2002/070 
856 4 0 |z Full text available on IMF  |u http://elibrary.imf.org/view/journals/001/2002/070/001.2002.issue-070-en.xml  |z IMF e-Library